| 000 | 00399nam a2200121 a 4500 | ||
|---|---|---|---|
| 001 | ASINB00KNV326K | ||
| 005 | 20140919185047.0 | ||
| 008 | 140919s1985 xxu eng d | ||
| 100 | 1 | _aMimar. | |
| 245 | 1 | 0 |
_aMimar architecture in development : _bmimar 15-1985 / _cMimar. |
| 300 |
_a1 v. (unpaged) ; _c30 cm. |
||
| 856 | 4 | 0 |
_3Amazon.com _uhttp://www.amazon.com/exec/obidos/ASIN/B00KNV326K/chopaconline-20 |
| 999 |
_c10226 _d10226 |
||